[Event "Llinars del Valles op 4th"]
[Site "Llinars del Valles"]
[Date "2024.06.26"]
[Round "2"]
[White "Clanchet Olle, Josep"]
[Black "Cordomi Fons, Francesco"]
[Result "1/2-1/2"]
[WhiteElo "1725"]
[BlackElo "1886"]
[PlyCount "57"]
[EventDate "2024.06.25"]
[EventType "swiss"]
[EventRounds "9"]
[EventCountry "ESP"]
[SourceTitle "CBM 221 Extra"]
[Source "ChessBase"]
[SourceDate "2024.09.30"]
[SourceVersion "1"]
[SourceVersionDate "2024.09.30"]
[SourceQuality "1"]

1. e4 e6 2. d4 d5 3. Nc3 Bb4 4. exd5 exd5 5. Nf3 Ne7 6. Be2 0-0 7. Bf4 Ng6 8. Bg3 f5 9. Be5 Nc6 10. 0-0 Re8 11. Bb5 Ncxe5 12. Nxe5 c6 13. Nxg6 hxg6 14. Be2 f4 15. Bg4 Bxc3 16. bxc3 Qg5 17. h3 Bf5 18. Bxf5 Qxf5 19. Qd2 f3 20. g4 Qf6 21. Rfe1 Kf7 22. Rxe8 Rxe8 23. Re1 Rxe1+ 24. Qxe1 Qf4 25. Qe3 g5 26. Qd3 Qc1+ 27. Kh2 Qf4+ 28. Kg1 Qc1+ 29. Kh2 1/2-1/2

[Event "Sant Adria de Besos op-B 5th"]
[Site "Sant Adria de Besos"]
[Date "2023.08.13"]
[Round "4"]
[White "Abascal Vicente, Ignacio"]
[Black "Clanchet Olle, Josep"]
[Result "1/2-1/2"]
[WhiteElo "1540"]
[BlackElo "1658"]
[PlyCount "87"]
[EventDate "2023.08.11"]
[EventType "swiss"]
[EventRounds "9"]
[EventCountry "ESP"]
[SourceTitle "EXT 2024"]
[Source "ChessBase"]
[SourceDate "2023.10.10"]
[SourceVersion "1"]
[SourceVersionDate "2023.10.10"]
[SourceQuality "1"]

1. e4 e5 2. Nf3 Nc6 3. Bb5 Bc5 4. c3 Nf6 5. 0-0 Nxe4 6. Qe2 Nf6 7. Nxe5 0-0 8. Nxc6 dxc6 9. Bc4 Re8 10. Qd1 Bg4 11. Qb3 Qd7 12. a4 Be2 13. Bxe2 Rxe2 14. Qc4 Qe7 15. d4 Bd6 16. Nd2 Re1 17. Nf3 Rxf1+ 18. Kxf1 Re8 19. Bg5 Qe6 20. Qxe6 Rxe6 21. Re1 Rxe1+ 22. Kxe1 Nd5 23. Ke2 f6 24. Be3 Bf4 25. c4 Nxe3 26. fxe3 Bd6 27. c5 Be7 28. e4 Kf7 29. Nd2 Ke6 30. g4 g6 31. h3 Bf8 32. Nc4 b6 33. b4 Bh6 34. Ne3 Bxe3 35. Kxe3 g5 36. a5 b5 37. a6 h6 38. Kd3 Ke7 39. e5 fxe5 40. dxe5 Kd7 41. Kd4 Ke7 42. Ke3 Kd7 43. Kd4 Ke7 44. Ke3 1/2-1/2

[Event "Barcelona La Lira op 14th"]
[Site "Barcelona"]
[Date "2023.05.04"]
[Round "3"]
[White "Clanchet Olle, Josep"]
[Black "Serrahima Susany, Ramon"]
[Result "0-1"]
[WhiteElo "1686"]
[BlackElo "2183"]
[PlyCount "48"]
[EventDate "2023.04.20"]
[EventType "swiss"]
[EventRounds "9"]
[EventCountry "ESP"]
[SourceTitle "EXT 2024"]
[Source "ChessBase"]
[SourceDate "2023.10.10"]
[SourceVersion "1"]
[SourceVersionDate "2023.10.10"]
[SourceQuality "1"]

1. d4 d5 2. c4 e6 3. Bf4 Nf6 4. e3 Bd6 5. Bxd6 Qxd6 6. c5 Qe7 7. Nf3 0-0 8. Bd3 Nbd7 9. Nc3 e5 10. Nxe5 Nxe5 11. dxe5 Qxe5 12. Qf3 Re8 13. 0-0 c6 14. Qg3 Qe7 15. b4 b6 16. Na4 Nd7 17. Rfc1 Ne5 18. Be2 Bf5 19. a3 b5 20. Nb2 Qf6 21. Rd1 a5 22. Bd3 Bxd3 23. Nxd3 Nxd3 24. Rxd3 Qxa1+ 0-1

[Event "Barcelona Sant Marti op 10th"]
[Site "Barcelona"]
[Date "2023.01.26"]
[Round "3"]
[White "Fernandez Pisonero, Daniel"]
[Black "Clanchet Olle, Josep"]
[Result "1-0"]
[WhiteElo "1700"]
[BlackElo "1690"]
[PlyCount "87"]
[EventDate "2023.01.12"]
[EventType "swiss"]
[EventRounds "9"]
[EventCountry "ESP"]
[SourceTitle "CBM 213 Extra"]
[Source "ChessBase"]
[SourceDate "2023.05.31"]
[SourceVersion "1"]
[SourceVersionDate "2023.05.31"]
[SourceQuality "1"]

1. e4 e5 2. Nf3 Nc6 3. Bb5 Bc5 4. c3 Nf6 5. d4 exd4 6. e5 Qe7 7. 0-0 Nd5 8. cxd4 Bb6 9. Nc3 Nxc3 10. bxc3 0-0 11. Bd3 d5 12. a4 Re8 13. Bg5 Qe6 14. h3 a5 15. Nh4 Ne7 16. Be3 g6 17. Rb1 Bd7 18. Bg5 c5 19. Bb5 Nf5 20. Bxd7 Qxd7 21. Rxb6 Nxh4 22. Bxh4 c4 23. Bf6 h6 24. Qc2 Re6 25. Rfb1 Rxb6 26. Rxb6 Rb8 27. Rb5 b6 28. f4 Qe6 29. f5 gxf5 30. Qf2 Kh7 31. Qf3 Rg8 32. Qxd5 Qxd5 33. Rxd5 Rg3 34. Rb5 Rxc3 35. Rxb6 Rb3 36. Rc6 c3 37. d5 Rb1+ 38. Kh2 Rd1 39. d6 Rd3 40. Rxc3 Rxc3 41. d7 Rd3 42. d8Q Rxd8 43. Bxd8 Kg7 44. Bxa5 1-0

[Event "Barcelona Sant Marti op-B 22nd"]
[Site "Barcelona"]
[Date "2022.07.20"]
[Round "8"]
[White "Delgado Camara, Lluis Felix"]
[Black "Clanchet Olle, Josep"]
[Result "1-0"]
[WhiteElo "1733"]
[BlackElo "1628"]
[PlyCount "77"]
[EventDate "2022.07.13"]
[EventType "swiss"]
[EventRounds "9"]
[EventCountry "ESP"]
[SourceTitle "CBM 210 Extra"]
[Source "ChessBase"]
[SourceDate "2022.11.30"]
[SourceVersion "1"]
[SourceVersionDate "2022.11.30"]
[SourceQuality "1"]

1. e4 e5 2. f4 d5 3. exd5 e4 4. d3 Qxd5 5. Qe2 Nf6 6. Nc3 Bb4 7. Bd2 Bxc3 8. Bxc3 Bg4 9. dxe4 Bxe2 10. exd5 Bxf1 11. Kxf1 Nxd5 12. Bxg7 Rg8 13. Re1+ Kd7 14. Rd1 Kc6 15. Bd4 Nxf4 16. Nf3 Nd7 17. g3 Ne6 18. Be3 Rad8 19. Kf2 b6 20. Rhe1 Ndc5 21. Ne5+ Kb7 22. Kg2 f6 23. Nf3 Rxd1 24. Rxd1 Kc6 25. Nh4 Rd8 26. Rxd8 Nxd8 27. Nf5 Kd5 28. Kf3 Ke5 29. g4 Nde6 30. h4 h5 31. Ne7 hxg4+ 32. Kxg4 Ng7 33. h5 f5+ 34. Kg5 Nce6+ 35. Kg6 f4 36. Bf2 Nxh5 37. Kxh5 Ke4 38. Kg4 f3 39. Ng8 1-0

[Event "Llinars del Valles op 1st"]
[Site "Llinars del Valles"]
[Date "2021.06.26"]
[Round "2"]
[White "Febrero Perez, Lluis"]
[Black "Clanchet Olle, Josep"]
[Result "0-1"]
[WhiteElo "1385"]
[BlackElo "1660"]
[PlyCount "74"]
[EventDate "2021.06.25"]
[EventType "swiss"]
[EventRounds "9"]
[EventCountry "ESP"]
[SourceTitle "CBM 203 Extra"]
[Source "ChessBase"]
[SourceDate "2021.09.30"]
[SourceVersion "1"]
[SourceVersionDate "2021.09.30"]
[SourceQuality "1"]

1. e4 e5 2. Nf3 Nc6 3. d4 exd4 4. Nxd4 Bc5 5. Be3 Nxd4 6. Bxd4 Bxd4 7. Qxd4 Qf6 8. e5 Qb6 9. Qc3 Ne7 10. Bc4 0-0 11. Nd2 d6 12. exd6 Qxd6 13. 0-0-0 Bf5 14. h3 a6 15. g4 Be6 16. Rhe1 Rad8 17. Qf3 Bxc4 18. Nxc4 Qh6+ 19. Nd2 Nd5 20. Re5 c6 21. Rh5 Qf4 22. Rf5 Qxf3 23. Rxf3 Rfe8 24. Rb3 b5 25. c4 Nf4 26. Rf3 g5 27. h4 h6 28. hxg5 hxg5 29. Ra3 Nd3+ 30. Kc2 Nxf2 31. Rxa6 Re2 32. Rxc6 Nxd1 33. Kxd1 Rdxd2+ 34. Kc1 Rxb2 35. Rc5 bxc4 36. Rxg5+ Kf8 37. a4 Ra2 0-1

[Event "Igualada Anoia op 13th"]
[Site "Igualada"]
[Date "2018.01.27"]
[Round "3"]
[White "Clanchet Olle, Josep"]
[Black "Febrero Perez, Lluis"]
[Result "1-0"]
[WhiteElo "1740"]
[BlackElo "1479"]
[PlyCount "59"]
[EventDate "2018.01.13"]
[EventType "swiss"]
[EventRounds "8"]
[EventCountry "ESP"]
[SourceTitle "CBM 187 Extra"]
[Source "ChessBase"]
[SourceDate "2018.11.04"]
[SourceVersion "1"]
[SourceVersionDate "2018.11.04"]
[SourceQuality "1"]

1. e4 e5 2. Nf3 Nc6 3. Bc4 Bc5 4. d3 Nf6 5. Nc3 0-0 6. Bg5 h6 7. Bh4 Be7 8. Qd2 Nxe4 9. Nxe4 Bxh4 10. 0-0-0 Be7 11. Bb3 d5 12. Ng3 Bg4 13. Kb1 Nd4 14. Nxd4 Bxd1 15. Ndf5 Bg4 16. Re1 Bg5 17. Qa5 Bxf5 18. Nxf5 Qf6 19. Ng3 c6 20. Qc7 Qxf2 21. Rf1 Qd4 22. Qxb7 Qb6 23. Qd7 a5 24. a4 Rab8 25. Nf5 Rb7 26. Qd6 g6 27. h4 Bd2 28. Ne7+ Kh7 29. Rxf7+ Rxf7 30. Qxg6+ 1-0

[Event "Sant Adria de Besos op-B 1st"]
[Site "Sant Adria de Besos"]
[Date "2017.08.13"]
[Round "3"]
[White "Clanchet Olle, Josep"]
[Black "Garcia Punzano, Josep Lluis"]
[Result "0-1"]
[WhiteElo "1636"]
[BlackElo "1695"]
[PlyCount "138"]
[EventDate "2017.08.11"]
[EventType "swiss"]
[EventRounds "9"]
[EventCountry "ESP"]
[SourceTitle "EXT 2019"]
[Source "ChessBase"]
[SourceDate "2018.10.10"]
[SourceVersion "1"]
[SourceVersionDate "2018.10.10"]
[SourceQuality "1"]

1. e4 c5 2. Nf3 a6 3. d4 cxd4 4. Nxd4 Nf6 5. Nc3 g6 6. Be2 Bg7 7. 0-0 d6 8. Be3 0-0 9. Qd2 Nc6 10. Nxc6 bxc6 11. Bh6 Qb6 12. Bxg7 Kxg7 13. Na4 Qc7 14. f3 Rb8 15. b3 Bd7 16. c4 c5 17. Nc3 Qa5 18. Rad1 Qb4 19. Nd5 Nxd5 20. exd5 Qxd2 21. Rxd2 a5 22. Re1 Rb4 23. Bd3 Re8 24. Rde2 e5 25. dxe6 Rxe6 26. Be4 a4 27. Bd5 Rxe2 28. Rxe2 Kf6 29. Re3 axb3 30. axb3 Rb6 31. Kf2 Bf5 32. Be4 Bxe4 33. fxe4 Ke5 34. Kf3 Kd4 35. g4 g5 36. Ke2 Ra6 37. Rh3 Kxe4 38. Rxh7 Ra2+ 39. Kf1 Kf3 40. Rxf7+ Kxg4 41. Kg1 Rb2 42. Rd7 Rxb3 43. Rxd6 Rc3 44. Rd8 Rxc4 45. Rc8 Rc1+ 46. Kf2 c4 47. Rc7 c3 48. Rc8 Rc2+ 49. Kg1 Kf3 50. Rf8+ Ke4 51. Re8+ Kd3 52. Rd8+ Ke2 53. Re8+ Kd1 54. Rc8 Rc1 55. Rd8+ Kc2+ 56. Kf2 Rd1 57. Rc8 Rd2+ 58. Kg3 Rd3+ 59. Kg4 Rd5 60. Kf3 Kd2 61. Ke4 Rd7 62. Kf5 Rh7 63. Kxg5 Rxh2 64. Rd8+ Ke2 65. Re8+ Kd2 66. Rd8+ Ke1 67. Rc8 c2 68. Kf4 Kd1 69. Kg3 Rd2 0-1